| 000 | 01146nam a22002297i 4500 | ||
|---|---|---|---|
| 999 |
_c22900 _d22900 |
||
| 003 | AR-CdUCM | ||
| 008 | 240514b20182018 pe||||| |||| 00| 0 spa d | ||
| 040 |
_aMUNICIPALIDAD PROVINCIAL DEL CUSCO _cBIBLIOTECA MUNICIPAL DEL CUSCO |
||
| 082 |
_a384.6 / P59 _bP59 |
||
| 100 |
_aPino Zambrano, José Luis, _950030 |
||
| 245 | _aEl Empleado de confianza / | ||
| 260 |
_aCusco : _c2018 |
||
| 300 |
_a194 páginas. : _c20 cm. |
||
| 500 | _zBibliografía: páginas 193 - 194 | ||
| 505 | _aOrigen del derecho laboral -- Contrato de trabajo -- Estabilidad laboral -- Categorías de los trabajadores -- Empleados -- Obreros -- Concepto de empleado de confianza -- La organización internacional del trabajo -- Reglas aplicables a los trabajadores de dirección y confianza -- Proyecto de la ley general del trabajo -- Indemnización y despido arbitrario para trabajadores de confianza pleno jurisdiccional laboral | ||
| 650 |
_aOrigen del derecho laboral _949860 |
||
| 650 |
_aContrato de trabajo _95814 |
||
| 650 |
_aEstabilidad laboral _936618 |
||
| 650 |
_aCategorías de los trabajadores _949861 |
||
| 942 |
_2ddc _cLIBROS |
||
| 945 |
_apbj _d2024-05-14 |
||